| 000 | 01320cam a22003374a 4500 | ||
|---|---|---|---|
| 001 | 13636028 | ||
| 003 | NUST-PNEC | ||
| 005 | 20170116180703.0 | ||
| 008 | 040625s2004 gw a b 001 0 eng | ||
| 010 | _a 2004014799 | ||
| 020 | _a1569903689 | ||
| 040 |
_aDLC _cPNEC _dDLC |
||
| 042 | _apcc | ||
| 050 | 0 | 0 |
_aTP1120 _b.B38 2004 |
| 082 | 0 | 0 | _a668.412 BEA |
| 100 | 1 | _aBeall, Glenn L. | |
| 245 | 1 | 0 |
_aHollow plastic parts : _bdesign and manufacture / _cGlenn L. Beall, James L. Throne. |
| 250 | _a1st ed. | ||
| 260 |
_aMunich : _bHanser ; _aCincinnati : _bHanser Gardner Publications [distributor], _cc2004. |
||
| 300 |
_axii, 243 p. : _bill. ; _c25 cm. |
||
| 500 | _ahttp://www.amazon.com/Hollow-Plastic-Parts-Design-Manufacture/dp/1569903689/ref=sr_1_1?s=books&ie=UTF8&qid=1410507900&sr=1-1&keywords=1569903689 | ||
| 504 | _aIncludes bibliographical references and index. | ||
| 650 | 0 | _aPlastics. | |
| 650 | 0 |
_aPlastics _xMolding. - ME |
|
| 650 | 0 | _aEngineering design. | |
| 700 | 1 |
_aThrone, James L., _d1937- |
|
| 856 | 4 | 1 |
_3Table of contents _uhttp://www.loc.gov/catdir/toc/ecip0419/2004014799.html |
| 906 |
_a7 _bcbc _corignew _d1 _eecip _f20 _gy-gencatlg |
||
| 942 |
_2ddc _cBK |
||
| 999 |
_c60610 _d60610 |
||